| 000 | 01076cam a22001934a 4500 | ||
|---|---|---|---|
| 005 | 20250605164359.0 | ||
| 008 | 250528s ||||||||||||||||||||||||d | ||
| 035 | _a24506 | ||
| 040 |
_aGR-AtMCL _bgre _dGR-AtMCL _eAACR2 |
||
| 245 | 1 | _aΓια 15η Χρονιά, ο ΔΑΑ 'Ανεβάζει Ψηλά' την Αεροπορική Αγορά / Airline Marketing Workshop | |
| 260 | _c2015 | ||
| 300 | _a42 | ||
| 520 | _aJustin King and CEO Sainsbury's 2004-2014, Συζητώντας για την Επιτυχία των Προϊόντων Βίκος και Garnier, Προστιθέμενη Αξία και Ανταγωνιστικό Πλεονέκτημα, Δυναμική η Περιβαλλοντική Ενεργοποίηση των Super Markets, Τάσεις και Ευκαιρίες και Προκλήσεις για το e-Commerce, Φέρνουμε την Υγεία στα Χέρια του Ασθενή. | ||
| 700 | 1 |
_aΚορδελάς Δημήτρης _99464 |
|
| 942 | _cCR | ||
| 710 | 2 |
_aThe Marketing Week _99825 |
|
| 999 |
_c9383 _d9383 |
||